000 00299nam a22001337a 4500
008 181016b xxu||||| |||| 00| 0 eng d
020 _a9780256095487
041 _aeng
080 _23 ED
_a330
100 _a58
101 _aBUS
245 _aUndertanding Business
_cNickels M
942 _2udc
_cBK
999 _c49838
_d49838